000 00267nam a22001217a 4500
003 SGT
082 _a005.117,JOS
100 _aJOSHI ,SHIVANI
245 _aOPJECT ORIENTED ANALYSIS & DESIGN
260 _aNEW DELHI
_bS CHAND
_c2014
300 _a295
942 _2ddc
_cBK
999 _c19838
_d19838